000 00664nam a2200241Ia 4500
003 OSt
005 20220918193208.0
006 a|||||r|||| 00| 0
007 ta
008 220917b |||||||| |||| 00| 0 eng d
024 _a72,222
037 _cTextual
040 _aARTS
_cARTS
_beng
041 _2eng
_aeng
082 _aR41, M71
100 _aBerofsky Bernard
_980155
245 0 _aFreedom from necessity
_b the metaphysical basis of responsibility
260 _aNew York
_bRoutledge and Kegan Paul
_c1987
300 _aviii,231p.
_ccm.
650 _aETHICS
942 _hR41, M71
_cTEXL
_2CC
999 _c198226
_d198226